القولا المحركة فى المستقبل: برنامج عمل لصناعة كهربائية متواصلة / (Record no. 50804)
[ view plain ]
| 000 -الفاتح | |
|---|---|
| حقل البيانات ثابتة الطول | 00827nam a2200217Ia 4500 |
| 008 - عناصر البيانات ثابتة الطول - معلومات عامة | |
| حقل البيانات ثابتة الطول | 140319s9999 xx 000 0 ara d |
| 040 ## - مصدر الفهرسة | |
| وكالة الفهرسة الأصلية | GCL / |
| وكالة النسخ | GCL |
| 082 04 - رقم تصنيف ديوى العشرى | |
| رقم التصنيف | د |
| رقم المادة | 301.31 |
| -- | ف ق |
| 100 1# - المدخل الرئيسى - إسم شخصى | |
| الإسم الشخصى | الهيئة العامة للاستعلامات |
| 245 10 - بيان العنوان | |
| العنوان | القولا المحركة فى المستقبل: برنامج عمل لصناعة كهربائية متواصلة / |
| بيان المسئوليه,etc | الهيئة العامة للاستعلامات |
| 700 1# - المدخل الاضافى - اسم شخصى | |
| الإسم الشخصى | فلافين، كريستوفر |
| 700 1# - المدخل الاضافى - اسم شخصى | |
| الإسم الشخصى | امال كيلانى |
| 700 1# - المدخل الاضافى - اسم شخصى | |
| الإسم الشخصى | لينسين، نيكولاس |
| 300 ## - الوصف المادى | |
| التعداد | 115 ص |
| 490 ## - بيان السلسلة | |
| عنوان السلسلة | معهد مراقبة البيئة العالمية ورلد واتش |
| رقم المجلد/ التعيين التسلسلي | 0 |
| 650 04 - المدخل الاضافى بالموضوع-مصطلح موضوعى | |
| مصطلح موضوعي | الكهرباء |
| 650 04 - المدخل الاضافى بالموضوع-مصطلح موضوعى | |
| مصطلح موضوعي | الدوائر الكهربائية |
| 650 04 - المدخل الاضافى بالموضوع-مصطلح موضوعى | |
| مصطلح موضوعي | البيئة - علم |
| 942 ## - عناصر المدخل الإضافي( كوها) | |
| مصدر التصنيف او مخطط الترفيف | Dewey Decimal Classification |
| Koha [default] item type | كتاب |
| حالة التراجع | حالة الفقد | حالة تلف | ليس للاعارة | المكان المؤقت | الموقع الحالى | تاريخ الاكتساب | اجمالي اﻻعارات | رقم الطلب | الباركود | تاريخ اخر مشاهدة | تاريخ تفعيل السعر | نوع وعاء كوها |
|---|---|---|---|---|---|---|---|---|---|---|---|---|
| مكتبة القاهرة الكبرى | مكتبة القاهرة الكبرى | 03/26/2014 | د\301.31\ف ق | 121724 | 03/26/2014 | 03/26/2014 | كتاب | |||||
| مكتبة القاهرة الكبرى | مكتبة القاهرة الكبرى | 03/26/2014 | د\301.31\ف ق | 121725 | 03/26/2014 | 03/26/2014 | كتاب |

